[Event "AUTO-ADV-4891"]
[Site "http://www.queenalice.com/game.php?id=1862724"]
[Date "2025.9.8"]
[Round "1"]
[White "rmvwoods"]
[Black "Rafale2000"]
[Result "0-1"]
[WhiteElo "1983"]
[BlackElo "1929"]

1. e4 Nf6 2. e5 Nd5 3. c4 Nb6 4. c5 Nd5 5. d4 d6 6. cxd6 exd6 7. Nf3 Bg4 8. Be2
Nc6 9. Bg5 Be7 10. Bxe7 Qxe7 11. O-O O-O 12. h3 Bh5 13. g4 Bg6 14. Nc3 Nxc3 15.
bxc3 dxe5 16. Re1 exd4 17. cxd4 Be4 18. Nd2 Nxd4 19. Bd3 f5 20. Bxe4 fxe4 21.
Nxe4 Nf3+ 22. Kg2 Qe5 23. Kf1 Nxe1 24. Qxe1 Rae8 25. Ng3 Qxg3 0-1

[Event "AUTO-ADV-4891"]
[Site "http://www.queenalice.com/game.php?id=1862725"]
[Date "2025.9.8"]
[Round "1"]
[White "Rafale2000"]
[Black "rmvwoods"]
[Result "1-0"]
[WhiteElo "1939"]
[BlackElo "2043"]

1. e4 e5 2. Nf3 Nc6 3. d4 exd4 4. Bc4 Bc5 5. c3 dxc3 6. Bxf7+ Kxf7 7. Qd5+ Ke8
8. Qh5+ g6 9. Qxc5 d6 10. Qxc3 Nf6 11. Bg5 Rf8 12. O-O Be6 13. Na3 Kd7 14. e5
Kc8 15. exf6 Rf7 16. Rfd1 Qe8 17. Nb5 a6 18. Nbd4 Nxd4 19. Nxd4 c5 20. Nxe6 Qxe6
21. Re1 Qd7 22. Re7 Rxe7 23. fxe7 Kc7 24. Re1 Re8 25. Qa5+ Kc8 26. Qb6 Qc7 27.
Qb3 c4 28. Qa4 Qd7 29. Qxc4+ Kb8 30. Qf7 Kc7 31. Qe6 Qxe6 32. Rxe6 h6 33. Bf6
Kd7 34. Re3 d5 35. g4 g5 36. Rb3 Kc6 37. a4 b5 38. Rc3+ Kd6 39. axb5 axb5 40.
Kf1 Ke6 41. Rc6+ Kd7 42. Rc5 Ke6 43. Bg7 Rxe7 44. Bxh6 d4 45. Bxg5 Rb7 46. Ke2
Kd6 47. Rf5 Kc6 48. Kd3 Rd7 49. h4 1-0

[Event "AUTO-MASTER-3280"]
[Site "http://www.queenalice.com/game.php?id=1862756"]
[Date "2025.9.9"]
[Round "1"]
[White "rmvwoods"]
[Black "Capixaba789"]
[Result "1-0"]
[WhiteElo "2011"]
[BlackElo "1910"]

1. e4 e5 2. Nf3 d6 3. Bc4 Be7 4. c3 Nf6 5. d4 Nxe4 6. dxe5 O-O 7. O-O c6 8. Bf4
dxe5 9. Bxe5 Nf6 10. Re1 Nd5 11. Nbd2 Be6 12. Bd3 Nd7 13. Bd4 N7f6 14. Ng5 Bg4
15. Qc2 Nf4 16. Bxh7+ Kh8 17. Bf5 Bh5 18. g3 N4d5 19. h3 Qd6 20. Ndf3 Bxf3 21.
Nxf3 b6 22. Rad1 Nh5 23. Be5 Qh6 24. a3 Bf6 25. c4 Ne7 26. Bd6 Nxf5 27. Qxf5 Rg8
28. g4 g6 29. Qe4 Ng7 30. Kg2 Rge8 31. Qxc6 Ne6 32. Qd7 Qh7 33. Be5 Bxe5 34.
Nxe5 Nf4+ 35. Kg3 Ne6 36. Qxf7 Qxf7 37. Nxf7+ Kg7 38. Nd6 Re7 39. b4 a5 40. c5
bxc5 41. bxc5 Kf8 42. c6 Raa7 43. Nc8 1-0

[Event "AUTO-MASTER-3280"]
[Site "http://www.queenalice.com/game.php?id=1862757"]
[Date "2025.9.9"]
[Round "1"]
[White "Capixaba789"]
[Black "rmvwoods"]
[Result "1-0"]
[WhiteElo "1854"]
[BlackElo "2012"]

1. d4 d5 2. Nc3 Nf6 3. e4 dxe4 4. f3 exf3 5. Be3 fxg2 6. Bxg2 g6 7. Nge2 Bg7 8.
Qd2 O-O 9. O-O-O Nc6 10. Kb1 Rb8 11. Nf4 Bf5 12. h4 Nb4 13. Rc1 Bg4 14. h5 Nxh5
15. Nxh5 1-0

[Event "AUTO-MASTER-3280"]
[Site "http://www.queenalice.com/game.php?id=1862758"]
[Date "2025.9.9"]
[Round "1"]
[White "rmvwoods"]
[Black "IranSilva"]
[Result "1-0"]
[WhiteElo "2026"]
[BlackElo "2297"]

1. e4 e5 2. Nf3 Nc6 3. Bc4 Nf6 4. Ng5 d5 5. exd5 Na5 6. Bb5+ c6 7. dxc6 bxc6 8.
Ba4 Ba6 9. d3 Bc5 10. O-O O-O 11. Bd2 Qd4 12. Nc3 Rac8 13. Be3 Qb4 14. Rb1 Bd4
15. a3 Qb6 16. Bxd4 exd4 17. Nce4 Nxe4 18. Nxe4 c5 19. c3 Qg6 20. Bc2 f5 21. Nd2
Rcd8 22. c4 Bb7 23. Nf3 Qg4 24. Kh1 Rf6 25. Qe2 Rh6 26. Rbe1 Rf8 27. Bd1 Bc6 28.
Qe5 Qh5 29. Nxd4 Qh4 30. Nxc6 Nxc6 31. Qg3 Qd4 32. b3 f4 33. Qf3 Qf6 34. Qg4 Nd4
35. f3 Rh4 36. Qd7 h6 37. Qd5+ Kh8 38. Qxc5 Nf5 39. Rf2 Qg5 40. Qxf8+ Kh7 41.
Qxf5+ Qxf5 42. Bc2 Qh5 43. h3 Qc5 44. d4+ 1-0

[Event "AUTO-MASTER-3280"]
[Site "http://www.queenalice.com/game.php?id=1862759"]
[Date "2025.9.9"]
[Round "1"]
[White "IranSilva"]
[Black "rmvwoods"]
[Result "1-0"]
[WhiteElo "2279"]
[BlackElo "2022"]

1. Nf3 d5 2. d4 Nf6 3. Bf4 e6 4. e3 Bd6 5. Bd3 Bxf4 6. exf4 b6 7. O-O Bb7 8. f5
O-O 9. Nbd2 Nbd7 10. Ne5 c5 11. c3 c4 12. Bc2 Qc7 13. f4 Ne4 14. Bxe4 dxe4 15.
fxe6 Nxe5 16. fxe5 fxe6 17. Qe2 b5 18. Nxe4 Rf5 19. Rxf5 exf5 20. Nd6 Qd7 21.
Rf1 Bd5 22. Rxf5 Rf8 23. Qf2 Rxf5 24. Qxf5 Be6 25. Qf3 g6 26. Qa8+ Kg7 27. Ne8+
Kh6 28. Nf6 Qc7 29. Qf8+ Kg5 30. Ne4+ Kh5 31. h3 g5 32. Nf6+ Kg6 33. Ne8 Qf7 34.
Qxf7+ Bxf7 35. Nd6 a6 36. Nxf7 Kxf7 37. d5 a5 38. d6 b4 39. d7 Ke7 40. e6 a4 41.
a3 1-0

[Event "AUTO-MASTER-3280"]
[Site "http://www.queenalice.com/game.php?id=1862760"]
[Date "2025.9.9"]
[Round "1"]
[White "rmvwoods"]
[Black "johnew"]
[Result "1-0"]
[WhiteElo "2072"]
[BlackElo "2175"]

1. e4 c5 2. Nf3 Nc6 3. d4 cxd4 4. Nxd4 e5 5. Nb5 d6 6. c4 a6 7. N5c3 Nf6 8. Bd3
g6 9. Bg5 h6 10. Bh4 Be7 11. Nd2 Nd4 12. Ne2 Be6 13. Nxd4 exd4 14. f3 Rc8 15.
O-O Nd7 16. Bf2 Bf6 17. Rc1 Ne5 18. Qe2 Nc6 19. f4 Kf8 20. f5 gxf5 21. exf5 Bd7
22. b3 Ne7 23. Qg4 Rg8 24. Qf3 Bc6 25. Ne4 Be5 26. Qh5 Ke8 27. g3 Qd7 28. Be1
Bxe4 29. Bxe4 Nc6 30. Qxh6 Qe7 31. Bd2 Rh8 32. Qg5 Qxg5 33. Bxg5 f6 34. Bd2 Ke7
35. Be1 Rh7 36. h4 Rg8 37. Rf3 Rxh4 38. Bd5 Rg7 39. Rc2 Rh5 40. Rg2 d3 41. Bxc6
Bd4+ 42. Bf2 d2 43. Rd3 Bxf2+ 44. Kxf2 bxc6 45. g4 Rh8 46. Ke2 1-0

[Event "AUTO-MASTER-3280"]
[Site "http://www.queenalice.com/game.php?id=1862761"]
[Date "2025.9.9"]
[Round "1"]
[White "johnew"]
[Black "rmvwoods"]
[Result "1-0"]
[WhiteElo "2203"]
[BlackElo "2065"]

1. e4 e5 2. Nf3 d6 3. d4 exd4 4. Nxd4 Nf6 5. Nc3 Be7 6. Be2 O-O 7. O-O c5 8. Nf3
Nc6 9. Bg5 Be6 10. Bb5 a6 11. Bxc6 bxc6 12. e5 Nd5 13. Ne4 dxe5 14. c4 f6 15.
Bh4 Nf4 16. Qc2 Ng6 17. Rad1 Qc7 18. Bg3 Rad8 19. Ne1 Rd4 20. f3 Rfd8 21. Nd3
Qa5 22. b3 f5 23. Nc3 e4 24. Ne5 Nxe5 25. Bxe5 Rxd1 26. Rxd1 exf3 27. Rxd8+ Qxd8
28. gxf3 Bg5 29. Kf2 Bh4+ 30. Ke2 Qg5 31. Qd3 Qg2+ 32. Kd1 Qg1+ 33. Kc2 Bg5 34.
Ne2 Qf2 35. Bg3 Qe3 36. Qxe3 Bxe3 37. Kd3 Bg5 38. Bd6 Bf6 39. Bxc5 g5 40. Nd4
Bd7 41. Bd6 g4 42. fxg4 fxg4 43. Ke4 h5 44. Nc2 Kf7 45. Nb4 a5 46. Nd3 Bd8 47.
Nf4 h4 48. Nd3 Kf6 49. Be5+ Kg5 50. Bf4+ Kg6 51. Ne5+ 1-0

[Event "AUTO-OPEN-4552"]
[Site "http://www.queenalice.com/game.php?id=1863038"]
[Date "2025.9.14"]
[Round "2"]
[White "askasl159"]
[Black "rmvwoods"]
[Result "0-1"]
[WhiteElo "1738"]
[BlackElo "2021"]

1. e4 c5 2. b4 cxb4 3. a3 d5 4. e5 Nc6 5. Nf3 Bg4 6. g3 e6 7. Bg2 Bc5 8. Bb2
Nge7 9. d4 Bb6 10. axb4 Nxb4 11. c3 Nbc6 12. O-O O-O 13. Qd3 Bf5 14. Qe2 Na5 15.
Nbd2 Rc8 16. Rfc1 Nac6 17. c4 a6 18. cxd5 Nxd5 19. Nc4 Bc7 20. Ne3 Nxe3 21. fxe3
Be4 22. Nd2 Bxg2 23. Qxg2 Bb8 24. Ba3 Re8 25. Ne4 Qd5 26. Rc5 Qb3 27. Qc2 Qxe3+
28. Kg2 Rc7 29. Bb2 Rd7 30. Qc3 Qxe4+ 31. Kg1 Ba7 32. Rc4 Bxd4+ 0-1